| 000 | 00000nam##2200000za#4500 |
| 001 | 9.567535 |
| 003 | CaOODSP |
| 005 | 20210624180823 |
| 007 | cr ||||||||||| |
| 008 | 150406|1997||||xxc|||||o f|0| 0 eng|d |
| 040 | |aCaOODSP|beng |
| 043 | |an-cn--- |
| 086 | 1 |aBT31-2/1998-III-35E-PDF |
| 110 | 1 |aCanada. |bTreasury Board. |
| 245 | 10|aPublic Service Staff Relations Board, 1997-98 estimates, part III, expenditure plan |h[electronic resource] |
| 260 | |aOttawa - Ontario : |bTreasury Board of Canada Secretariat |cc1997. |
| 300 | |a27p.|btables |
| 490 | 1 |a1997-98 estimates. Part III, Expenditure plan |
| 500 | |aThe catalogue number (BT31-2/1998-III-35) and ISBN (0-660-60089-7) for the bilingual print edition have been incorrectly copied in this electronic publication. |
| 590 | |a10-06-Supp|b2010-07-26 |
| 775 | 08|tCommission des relations de travail dans la fonction publique, budget des dépenses 1997-1998, partie III, plan de dépenses |w(CaOODSP)9.598869 |
| 776 | 0#|tPublic Service Staff Relations Board |w(CaOODSP)9.528012 |
| 776 | 0#|tCommission des relations de travail dans la Fonction publique |w(CaOODSP)9.528013 |
| 830 | #0|a1997-98 estimates. Part III, Expenditure plan.|w(CaOODSP)9.506109 |
| 856 | 40|ahttp://publications.gc.ca|qPDF|s99 KB|uhttps://publications.gc.ca/collections/Collection/BT31-2-1998-III-35E.pdf |